[Event "POL-chT 2nd League"]
[Site "Jastrzebia Gora"]
[Date "2022.09.07"]
[Round "5.71"]
[White "Stachowiak, Slawomir"]
[Black "Markiewicz, Mateusz"]
[Result "1/2-1/2"]
[WhiteElo "1861"]
[BlackElo "2048"]
[PlyCount "49"]
[EventDate "2022.09.03"]
[EventType "team-swiss"]
[EventRounds "9"]
[EventCountry "POL"]
[SourceTitle "CBM 210 Extra"]
[Source "ChessBase"]
[SourceDate "2022.11.30"]
[SourceVersion "1"]
[SourceVersionDate "2022.11.30"]
[SourceQuality "1"]
[WhiteTeam "Lipno Steszew"]
[BlackTeam "Pilzno GKSz Hetman"]
[WhiteTeamCountry "POL"]
[BlackTeamCountry "POL"]

1. e4 c5 2. Nf3 a6 3. a3 Nc6 4. d4 cxd4 5. Nxd4 d5 6. exd5 Qxd5 7. Be3 Nxd4 8. Qxd4 Qxd4 9. Bxd4 Bf5 10. c3 f6 11. Be2 e5 12. Be3 Ne7 13. Bc5 Nd5 14. Bxf8 Rxf8 15. g3 0-0-0 16. Nd2 Nb6 17. 0-0-0 Na4 18. Nc4 Kc7 19. Rxd8 Rxd8 20. Rd1 Rxd1+ 21. Bxd1 Nc5 22. Bc2 Be6 23. Ne3 g6 24. b4 Nd7 25. c4 1/2-1/2

[Event "POL-chT 2nd League"]
[Site "Jastrzebia Gora"]
[Date "2022.09.04"]
[Round "2.23"]
[White "Markiewicz, Mateusz"]
[Black "Krainski, Slawomir"]
[Result "1/2-1/2"]
[WhiteElo "2048"]
[BlackElo "1982"]
[PlyCount "48"]
[EventDate "2022.09.03"]
[EventType "team-swiss"]
[EventRounds "9"]
[EventCountry "POL"]
[SourceTitle "CBM 210 Extra"]
[Source "ChessBase"]
[SourceDate "2022.11.30"]
[SourceVersion "1"]
[SourceVersionDate "2022.11.30"]
[SourceQuality "1"]
[WhiteTeam "Pilzno GKSz Hetman"]
[BlackTeam "Grudziadz Rotmistrz"]
[WhiteTeamCountry "POL"]
[BlackTeamCountry "POL"]

1. e4 e6 2. d4 d5 3. exd5 exd5 4. Qf3 Nf6 5. h3 c5 6. dxc5 Bxc5 7. Bd3 0-0 8. Ne2 Nc6 9. 0-0 Ne5 10. Qg3 Nxd3 11. Qxd3 Qb6 12. Nbc3 Bd7 13. Bg5 d4 14. Bxf6 dxc3 15. Bxc3 Rad8 16. Qg3 f6 17. Rfd1 Bf5 18. Nf4 Bxc2 19. Rxd8 Rxd8 20. Rc1 Bf5 21. Bxf6 Bxf2+ 22. Qxf2 Qxf6 23. Nh5 Qg5 24. Rc5 Qxh5 1/2-1/2

[Event "POL-chT 2nd League"]
[Site "Poronin"]
[Date "2020.09.13"]
[Round "9.7"]
[White "Markiewicz, Mateusz"]
[Black "Bugajski, Robert"]
[Result "1-0"]
[WhiteElo "2037"]
[BlackElo "2086"]
[PlyCount "73"]
[EventDate "2020.09.05"]
[EventType "team-swiss"]
[EventRounds "9"]
[EventCountry "POL"]
[SourceTitle "CBM 198 Extra"]
[Source "ChessBase"]
[SourceDate "2020.11.30"]
[SourceVersion "1"]
[SourceVersionDate "2020.11.30"]
[SourceQuality "1"]
[WhiteTeam "Pilzno GKSz Hetman"]
[BlackTeam "Zielonka Zieloni"]
[WhiteTeamCountry "POL"]
[BlackTeamCountry "POL"]

1. f4 d5 2. Nf3 Nf6 3. g3 g6 4. Bg2 Bg7 5. d3 0-0 6. 0-0 c5 7. c3 Nc6 8. Nbd2 Bf5 9. Nh4 Qd7 10. Nxf5 gxf5 11. e4 d4 12. e5 Ng4 13. Nb3 b6 14. h3 Nh6 15. cxd4 cxd4 16. Bd2 Rac8 17. Rc1 a5 18. Qf3 Na7 19. Qb7 Qxb7 20. Bxb7 Rb8 21. Ba6 Rfd8 22. Rc7 Ra8 23. Rfc1 e6 24. a4 Bf8 25. Kg2 Kg7 26. R1c4 Ng8 27. Rxd4 Rxd4 28. Nxd4 Ne7 29. Bb7 Rd8 30. Be3 Kg6 31. g4 Nec8 32. gxf5+ exf5 33. Nf3 Bb4 34. Nh4+ Kh5 35. Bf3+ Kh6 36. Nxf5+ Kg6 37. Be4 1-0

[Event "POL-chT 2nd League"]
[Site "Poronin"]
[Date "2020.09.11"]
[Round "7.5"]
[White "Kwiatkowski, Wiktor"]
[Black "Markiewicz, Mateusz"]
[Result "1/2-1/2"]
[WhiteElo "2047"]
[BlackElo "2037"]
[PlyCount "91"]
[EventDate "2020.09.05"]
[EventType "team-swiss"]
[EventRounds "9"]
[EventCountry "POL"]
[SourceTitle "CBM 198 Extra"]
[Source "ChessBase"]
[SourceDate "2020.11.30"]
[SourceVersion "1"]
[SourceVersionDate "2020.11.30"]
[SourceQuality "1"]
[WhiteTeam "Konin UKS Smecz"]
[BlackTeam "Pilzno GKSz Hetman"]
[WhiteTeamCountry "POL"]
[BlackTeamCountry "POL"]

1. e4 e5 2. d4 d6 3. Nf3 Nc6 4. Bc4 exd4 5. Nxd4 Nxd4 6. Qxd4 Qf6 7. Qd3 Qg6 8. g3 Nf6 9. Nc3 Be6 10. Bxe6 fxe6 11. Qb5+ Kf7 12. Qxb7 Be7 13. f3 Qh5 14. 0-0 Qc5+ 15. Kg2 a6 16. Qb3 Rhb8 17. Qa3 Qxa3 18. bxa3 Nd7 19. Rb1 Rxb1 20. Nxb1 Rb8 21. Nd2 a5 22. Nc4 a4 23. Be3 Ne5 24. Nxe5+ dxe5 25. Bc1 Rb1 26. Kf2 Ra1 27. Ke2 Rxa2 28. Kd3 Bxa3 29. Bd2 Bc5 30. Bc3 Bd4 31. f4 Bxc3 32. fxe5+ Ke7 33. Kxc3 Ra3+ 34. Kd2 Kd7 35. Rf7+ Kc6 36. Re7 Rf3 37. Rxe6+ Kb7 38. Kc1 a3 39. Kb1 Rf2 40. Re7 Rxh2 41. Rxg7 Kc6 42. Ka2 Rxc2+ 43. Kxa3 Re2 44. Rg4 h5 45. Rg6+ Kc5 46. Rg5 1/2-1/2

[Event "POL-chT 2nd League"]
[Site "Poronin"]
[Date "2020.09.10"]
[Round "6.8"]
[White "Markiewicz, Mateusz"]
[Black "Majewski, Krzysztof"]
[Result "1-0"]
[WhiteElo "2037"]
[BlackElo "1885"]
[PlyCount "75"]
[EventDate "2020.09.05"]
[EventType "team-swiss"]
[EventRounds "9"]
[EventCountry "POL"]
[SourceTitle "CBM 198 Extra"]
[Source "ChessBase"]
[SourceDate "2020.11.30"]
[SourceVersion "1"]
[SourceVersionDate "2020.11.30"]
[SourceQuality "1"]
[WhiteTeam "Pilzno GKSz Hetman"]
[BlackTeam "Koszalin Hetman Politechnika"]
[WhiteTeamCountry "POL"]
[BlackTeamCountry "POL"]

1. e4 g6 2. d4 Bg7 3. c4 c6 4. Nc3 d5 5. cxd5 cxd5 6. Nxd5 e6 7. Nc3 Qxd4 8. Qxd4 Bxd4 9. Nb5 Be5 10. Nf3 a6 11. Nxe5 axb5 12. Bxb5+ Bd7 13. Nxd7 Nxd7 14. Be3 Ngf6 15. 0-0-0 Rxa2 16. Bg5 0-0 17. Bxd7 Nxd7 18. Be7 Rfa8 19. Ba3 Ra1+ 20. Kc2 Rxd1 21. Rxd1 Ne5 22. f4 Nc4 23. Kb3 Ne3 24. Rd7 Nxg2 25. Bd6 Ne3 26. Rxb7 Nf1 27. Kc4 Nxh2 28. b4 Ng4 29. b5 Nf6 30. b6 Nxe4 31. Be5 f6 32. Rb8+ Rxb8 33. Bxb8 Kf7 34. b7 Ke7 35. Bc7 g5 36. b8Q g4 37. Bd8+ Kf7 38. Qb7+ 1-0

[Event "POL-chT 2nd League"]
[Site "Jastrzebia Gora"]
[Date "2019.09.13"]
[Round "7.10"]
[White "Markiewicz, Mateusz"]
[Black "Paziak, Patryk"]
[Result "1-0"]
[WhiteElo "2024"]
[BlackElo "1868"]
[PlyCount "49"]
[EventDate "2019.09.07"]
[EventType "team-swiss"]
[EventRounds "9"]
[EventCountry "POL"]
[SourceTitle "EXT 2020"]
[Source "ChessBase"]
[SourceDate "2019.10.17"]
[SourceVersion "1"]
[SourceVersionDate "2019.10.17"]
[SourceQuality "1"]
[WhiteTeam "Pilzno GKSz Hetman"]
[BlackTeam "Gdansk Korona"]
[WhiteTeamCountry "POL"]
[BlackTeamCountry "POL"]

1. e4 d5 2. e5 Bf5 3. f4 e6 4. Nf3 c5 5. g3 Nc6 6. Bg2 h6 7. d3 Qb6 8. 0-0 0-0-0 9. Nc3 Kb8 10. a4 d4 11. Ne4 c4 12. Nfd2 cxd3 13. cxd3 Na5 14. b3 Bb4 15. Nc4 Nxc4 16. bxc4 Bxe4 17. Bxe4 Bc3 18. a5 Qa6 19. Rb1 Rd7 20. Qa4 Kc8 21. Bxb7+ Rxb7 22. Qe8+ Kc7 23. Qxf7+ Kc8 24. Qe8+ Kc7 25. Ba3 1-0

[Event "POL-chT 2nd League"]
[Site "Jastrzebia Gora"]
[Date "2019.09.12"]
[Round "6.18"]
[White "Tustanowski, Mateusz"]
[Black "Markiewicz, Mateusz"]
[Result "0-1"]
[WhiteElo "1900"]
[BlackElo "2024"]
[PlyCount "60"]
[EventDate "2019.09.07"]
[EventType "team-swiss"]
[EventRounds "9"]
[EventCountry "POL"]
[SourceTitle "EXT 2020"]
[Source "ChessBase"]
[SourceDate "2019.10.17"]
[SourceVersion "1"]
[SourceVersionDate "2019.10.17"]
[SourceQuality "1"]
[WhiteTeam "Zarzewie Prudnik"]
[BlackTeam "Pilzno GKSz Hetman"]
[WhiteTeamCountry "POL"]
[BlackTeamCountry "POL"]

1. e4 c5 2. c4 Nc6 3. Nc3 g6 4. g3 Bg7 5. Bg2 Nh6 6. d3 0-0 7. h4 d6 8. h5 Ng4 9. Nf3 Nge5 10. h6 Bh8 11. Nh4 Nb4 12. 0-0 Bg4 13. f3 Bd7 14. f4 Ng4 15. Bf3 Bd4+ 16. Kg2 Qc8 17. a3 Nc6 18. Nd5 Nxh6 19. f5 Kg7 20. g4 f6 21. Bxh6+ Kxh6 22. Nf4 g5 23. Ne6 Bxe6 24. fxe6 gxh4 25. Qd2+ Kg7 26. Rh1 Qxe6 27. e5 Qxe5 28. Rxh4 Qe3 29. Qxe3 Bxe3 30. Bxc6 Bg5 0-1

[Event "POL-chT 2nd League"]
[Site "Jastrzebia Gora"]
[Date "2019.09.10"]
[Round "4.18"]
[White "Majas, Piotr"]
[Black "Markiewicz, Mateusz"]
[Result "1-0"]
[WhiteElo "1824"]
[BlackElo "2024"]
[PlyCount "65"]
[EventDate "2019.09.07"]
[EventType "team-swiss"]
[EventRounds "9"]
[EventCountry "POL"]
[SourceTitle "EXT 2020"]
[Source "ChessBase"]
[SourceDate "2019.10.17"]
[SourceVersion "1"]
[SourceVersionDate "2019.10.17"]
[SourceQuality "1"]
[WhiteTeam "Kalisz KTS"]
[BlackTeam "Pilzno GKSz Hetman"]
[WhiteTeamCountry "POL"]
[BlackTeamCountry "POL"]

1. c4 e5 2. Nc3 f5 3. g3 Nf6 4. Bg2 g6 5. e3 Bg7 6. Nge2 0-0 7. 0-0 c6 8. d4 d6 9. b4 Be6 10. d5 Bf7 11. Rb1 Qc7 12. Ba3 e4 13. dxc6 bxc6 14. c5 dxc5 15. bxc5 Nbd7 16. Qa4 Ne5 17. Nd4 Rfb8 18. Rfd1 Nd5 19. Nxd5 Bxd5 20. Bb4 Qf7 21. a3 g5 22. Bh3 Nf3+ 23. Nxf3 exf3 24. Bf1 Kh8 25. Be1 g4 26. Qf4 Re8 27. Bd3 Re4 28. Bxe4 fxe4 29. Qxf7 Bxf7 30. Rd7 Bd5 31. Rbb7 Bf8 32. Rxh7+ Kg8 33. Bc3 1-0

[Event "POL-chT 2nd League"]
[Site "Szklarska Poreba"]
[Date "2017.09.08"]
[Round "7.5"]
[White "Krasiewicz, Robert"]
[Black "Markiewicz, Mateusz"]
[Result "1-0"]
[WhiteElo "2005"]
[BlackElo "2021"]
[PlyCount "32"]
[EventDate "2017.09.02"]
[EventType "team-swiss"]
[EventRounds "9"]
[EventCountry "POL"]
[SourceTitle "CBM 180 Extra"]
[Source "ChessBase"]
[SourceDate "2017.10.06"]
[SourceVersion "1"]
[SourceVersionDate "2017.10.06"]
[SourceQuality "1"]
[WhiteTeam "Zielonka Zieloni"]
[BlackTeam "Pilzno GKSz Hetman"]
[WhiteTeamCountry "POL"]
[BlackTeamCountry "POL"]

1. c4 e5 2. g3 f5 3. d4 d6 4. dxe5 dxe5 5. Qxd8+ Kxd8 6. Nc3 Be6 7. Bg5+ Be7 8. 0-0-0+ Nd7 9. Nf3 e4 10. Bxe7+ Kxe7 11. Nd4 c6 12. Bh3 g6 13. Nxe6 Kxe6 14. Nxe4 Ngf6 15. Nd6 Rab8 16. e4 Ng4 1-0

[Event "POL-chT 2nd League"]
[Site "Jastrzebia Gora"]
[Date "2016.09.09"]
[Round "7.82"]
[White "Kowalski, Maciej"]
[Black "Markiewicz, Mateusz"]
[Result "1/2-1/2"]
[WhiteElo "2021"]
[BlackElo "2044"]
[PlyCount "113"]
[EventDate "2016.09.03"]
[EventType "team-swiss"]
[EventRounds "9"]
[EventCountry "POL"]
[SourceTitle "EXT 2017"]
[Source "ChessBase"]
[SourceDate "2016.10.25"]
[SourceVersion "1"]
[SourceVersionDate "2016.10.25"]
[SourceQuality "1"]
[WhiteTeam "Grzybowo GKSz Solny"]
[BlackTeam "Pilzno GKSz Hetman"]
[WhiteTeamCountry "POL"]
[BlackTeamCountry "POL"]

1. d4 d6 2. Nf3 Nc6 3. Bf4 Nf6 4. h3 e6 5. Nbd2 d5 6. e3 Bd6 7. c3 Ne7 8. Bd3 Ng6 9. Bg5 h6 10. Bxf6 Qxf6 11. 0-0 e5 12. Bxg6 fxg6 13. dxe5 Bxe5 14. e4 0-0 15. exd5 g5 16. Nxe5 Qxe5 17. Nc4 Qf4 18. Ne3 Bd7 19. Qb3 Rae8 20. Rad1 Ba4 21. Qxb7 Bxd1 22. Nxd1 Qd2 23. Qxa7 Re1 24. Qd4 Qxd4 25. cxd4 Re2 26. g4 Kf7 27. Ne3 Ke8 28. d6 cxd6 29. Nf5 Kd7 30. Nxg7 Rxb2 31. Nf5 Rxa2 32. Re1 Rf6 33. Kg2 Rd2 34. Re7+ Kc6 35. Kg3 Rd3+ 36. Kg2 Kd5 37. Re8 Re6 38. Rf8 Rd2 39. Kg3 Rd3+ 40. Kg2 Rd2 41. Kg3 Kc4 42. Rd8 Kd5 43. Rf8 Ke4 44. Ng7 Rg6 45. Nf5 Rd3+ 46. Kg2 Rxd4 47. Nxd4 Kxd4 48. f4 gxf4 49. Kf3 d5 50. Kxf4 Re6 51. h4 Re4+ 52. Kf5 Ke3 53. Rd8 d4 54. g5 Rxh4 55. g6 Rf4+ 56. Ke6 Rg4 57. Kf7 1/2-1/2

[Event "POL-chT 2nd League"]
[Site "Jastrzebia Gora"]
[Date "2015.09.11"]
[Round "7.59"]
[White "Faron, Rafal"]
[Black "Markiewicz, Mateusz"]
[Result "0-1"]
[WhiteElo "2033"]
[BlackElo "2040"]
[PlyCount "56"]
[EventDate "2015.09.05"]
[EventType "team-swiss"]
[EventRounds "9"]
[EventCountry "POL"]
[SourceTitle "EXT 2017"]
[Source "ChessBase"]
[SourceDate "2016.10.25"]
[SourceVersion "1"]
[SourceVersionDate "2016.10.25"]
[SourceQuality "1"]
[WhiteTeam "Podlesie UKS 21"]
[BlackTeam "Pilzno GKSz Hetman"]
[WhiteTeamCountry "POL"]
[BlackTeamCountry "POL"]

1. d4 d6 2. c4 e5 3. Nc3 f5 4. Nf3 e4 5. Ng5 h6 6. Nh3 g5 7. g3 Bg7 8. Bg2 Nf6 9. e3 Nc6 10. Ng1 0-0 11. Nge2 Qe8 12. 0-0 Qh5 13. Nd5 f4 14. Nxf6+ Rxf6 15. Nc3 Bg4 16. Qb3 f3 17. Bh1 Qe8 18. Qxb7 Rb8 19. Qxc7 Bc8 20. d5 Ne5 21. Qxa7 Bf5 22. Qd4 Qh5 23. h4 gxh4 24. Nxe4 Rg6 25. Nd2 h3 26. Rd1 h2+ 27. Kf1 Qh3+ 28. Ke1 Nd3+ 0-1

[Event "Krakow op-B 25th"]
[Site "Krakow"]
[Date "2014.12.27"]
[Round "1"]
[White "Rosiak, Agata"]
[Black "Markiewicz, Mateusz"]
[Result "0-1"]
[WhiteElo "1887"]
[BlackElo "2056"]
[PlyCount "60"]
[EventDate "2014.12.27"]
[EventType "swiss"]
[EventRounds "9"]
[EventCountry "POL"]
[SourceTitle "CBM 164 Extra"]
[Source "ChessBase"]
[SourceDate "2015.03.02"]
[SourceVersion "1"]
[SourceVersionDate "2015.03.02"]
[SourceQuality "1"]

1. d4 Nf6 2. Nf3 g6 3. Bf4 Bg7 4. e3 d6 5. h3 0-0 6. Bd3 c5 7. c3 Nc6 8. Bc2 Qb6 9. Qc1 cxd4 10. exd4 e5 11. dxe5 dxe5 12. Be3 Qa6 13. Nbd2 Nd5 14. Nb3 b6 15. Qd2 Nf4 16. Bxf4 exf4 17. Bd3 Re8+ 18. Kf1 Qa4 19. Kg1 Bb7 20. Kh2 Ne5 21. Nbd4 Rad8 22. Qc2 Nxf3+ 23. gxf3 Qxc2 24. Bxc2 Bxd4 25. cxd4 Re2 26. Be4 Bxe4 27. fxe4 Rxf2+ 28. Kg1 Re2 29. Rh2 Rxh2 30. Kxh2 Rxd4 0-1

[Event "POL-chT 2nd League"]
[Site "Szczyrk"]
[Date "2014.09.07"]
[Round "2.41"]
[White "Janulek, Dawid"]
[Black "Markiewicz, Mateusz"]
[Result "1/2-1/2"]
[WhiteElo "1936"]
[BlackElo "2036"]
[PlyCount "92"]
[EventDate "2014.09.06"]
[EventType "team-swiss"]
[EventRounds "9"]
[EventCountry "POL"]
[SourceTitle "EXT 2015"]
[Source "ChessBase"]
[SourceDate "2014.11.20"]
[SourceVersion "1"]
[SourceVersionDate "2014.11.20"]
[SourceQuality "1"]
[WhiteTeam "Pszczyna PSSz"]
[BlackTeam "Pilzno GKSz Hetman"]
[WhiteTeamCountry "POL"]
[BlackTeamCountry "POL"]

1. e4 c5 2. Nf3 Nf6 3. Nc3 d5 4. exd5 Nxd5 5. Bb5+ Bd7 6. Ne5 Bxb5 7. Qf3 f6 8. Nxb5 fxe5 9. Qxd5 Qxd5 10. Nc7+ Kf7 11. Nxd5 Nc6 12. d3 e6 13. Ne3 Be7 14. h4 b5 15. Bd2 Rhd8 16. f3 Nd4 17. Bc3 Bf6 18. a4 a6 19. Bxd4 exd4 20. Ng4 Rdb8 21. b3 c4 22. axb5 axb5 23. Kd2 cxb3 24. cxb3 h5 25. Nf2 Bxh4 26. Ne4 Be7 27. Rxa8 Rxa8 28. Rxh5 Ra2+ 29. Kd1 b4 30. Nd2 Ra1+ 31. Ke2 Kg6 32. g4 Ra2 33. Kd1 Ra1+ 34. Ke2 Bg5 35. Ne4 Ra2+ 36. Kd1 Be7 37. Re5 Rb2 38. Rxe6+ Kf7 39. Ra6 Rxb3 40. Kc2 Ra3 41. Nd6+ Kf6 42. Rxa3 bxa3 43. Nf5 Bc5 44. f4 Ba7 45. Kb3 g5 46. fxg5+ Kxg5 1/2-1/2

[Event "POL-chT 2nd League"]
[Site "Szczyrk"]
[Date "2014.09.06"]
[Round "1.71"]
[White "Markiewicz, Mateusz"]
[Black "Matlewski, Adam"]
[Result "1-0"]
[WhiteElo "2036"]
[BlackElo "1659"]
[PlyCount "127"]
[EventDate "2014.09.06"]
[EventType "team-swiss"]
[EventRounds "9"]
[EventCountry "POL"]
[SourceTitle "EXT 2015"]
[Source "ChessBase"]
[SourceDate "2014.11.20"]
[SourceVersion "1"]
[SourceVersionDate "2014.11.20"]
[SourceQuality "1"]
[WhiteTeam "Pilzno GKSz Hetman"]
[BlackTeam "Konin UKS Smecz"]
[WhiteTeamCountry "POL"]
[BlackTeamCountry "POL"]

1. e4 c6 2. d4 d5 3. Nd2 dxe4 4. Nxe4 Nf6 5. Nxf6+ exf6 6. Be3 Be6 7. Bd3 g6 8. Ne2 Bg7 9. h4 f5 10. Qd2 h6 11. 0-0-0 Qb6 12. c4 Qa6 13. d5 Bd7 14. Qb4 b6 15. Qd6 c5 16. Rhe1 b5 17. Qxc5 bxc4 18. Nc3 Kd8 19. Bxc4 Qc8 20. Qa5+ Qc7 21. Qb4 Kc8 22. Kb1 a5 23. Qb3 Na6 24. Nb5 Qb8 25. Rc1 Kd8 26. a4 f4 27. Bd4 Bf5+ 28. Ka1 Bxd4 29. Nxd4 Nb4 30. Bb5 Bd7 31. Nc6+ Bxc6 32. dxc6 Ra7 33. Rcd1+ Kc8 34. Qh3+ f5 35. Qb3 Kc7 36. Re7+ Kb6 37. Rxa7 Qxa7 38. Rd7 Re8 39. Qc3 Re1+ 40. Qxe1 Nc2+ 41. Kb1 Nxe1 42. Rxa7 Kxa7 43. Kc1 Kb6 44. b4 axb4 45. a5+ Kc7 46. a6 Kb6 47. Bf1 b3 48. Kb2 Kxc6 49. Kxb3 Kb6 50. Kc3 f3 51. g3 f4 52. Kd4 fxg3 53. fxg3 g5 54. hxg5 hxg5 55. g4 Ng2 56. Ke4 Nh4 57. Bd3 Ng6 58. Kf5 Nf4 59. Bc4 Ng2 60. Kxg5 Ne3 61. Bd3 f2 62. Kf4 Ng2+ 63. Ke4 Ka7 64. Bf1 1-0

[Event "POL-chT3 Podkarpackie"]
[Site "Pstragowa"]
[Date "2014.05.02"]
[Round "5.19"]
[White "Gierulski, Kamil"]
[Black "Markiewicz, Mateusz"]
[Result "1-0"]
[WhiteElo "1955"]
[BlackElo "2007"]
[PlyCount "28"]
[EventDate "2014.04.30"]
[EventType "team-tourn"]
[EventRounds "9"]
[EventCountry "POL"]
[SourceTitle "EXT 2015"]
[Source "ChessBase"]
[SourceDate "2014.11.20"]
[SourceVersion "1"]
[SourceVersionDate "2014.11.20"]
[SourceQuality "1"]
[WhiteTeam "Rzeszow"]
[BlackTeam "Pilzno GKSz Hetman II"]
[WhiteTeamCountry "POL"]
[BlackTeamCountry "POL"]

1. d4 f5 2. e4 d6 3. exf5 Bxf5 4. Bd3 Bxd3 5. Qxd3 Qd7 6. Nf3 e6 7. 0-0 Nc6 8. Re1 0-0-0 9. Qe3 e5 10. d5 Nb4 11. Qxa7 Qb5 12. Nc3 Qa6 13. Qxa6 Nxa6 14. Ng5 Nf6 1-0

[Event "POL-chT3 Podkarpackie"]
[Site "Pstragowa"]
[Date "2014.05.02"]
[Round "4.13"]
[White "Markiewicz, Mateusz"]
[Black "Rawicz, Karol"]
[Result "1/2-1/2"]
[WhiteElo "2007"]
[BlackElo "2261"]
[PlyCount "94"]
[EventDate "2014.04.30"]
[EventType "team-tourn"]
[EventRounds "9"]
[EventCountry "POL"]
[SourceTitle "EXT 2015"]
[Source "ChessBase"]
[SourceDate "2014.11.20"]
[SourceVersion "1"]
[SourceVersionDate "2014.11.20"]
[SourceQuality "1"]
[WhiteTeam "Pilzno GKSz Hetman II"]
[BlackTeam "Przemysl MKS Polonia"]
[WhiteTeamCountry "POL"]
[BlackTeamCountry "POL"]

1. e4 c5 2. Nf3 Nc6 3. c3 Nf6 4. e5 Nd5 5. d4 cxd4 6. cxd4 d6 7. Nc3 dxe5 8. dxe5 Nxc3 9. Qxd8+ Kxd8 10. bxc3 h6 11. Bf4 Bd7 12. 0-0-0 e6 13. Nd4 Nxd4 14. Rxd4 Bc5 15. Rd2 Ke7 16. Kb2 b5 17. Bd3 Bc6 18. Re1 g5 19. Be3 Bxe3 20. Rxe3 Bxg2 21. f3 Bh3 22. Ka3 Rhd8 23. Rb2 Rac8 24. Bxb5 Rb8 25. Rb4 Rd2 26. Re2 Rd1 27. Ba4 Rxb4 28. Kxb4 Rd3 29. Bc6 f6 30. exf6+ Kxf6 31. Be4 Rd1 32. c4 Bf5 33. c5 Bxe4 34. Rxe4 Ke7 35. Kb5 Kd7 36. a4 Rd3 37. a5 Rxf3 38. c6+ Kc7 39. Rxe6 Rb3+ 40. Kc5 Rc3+ 41. Kb5 Rb3+ 42. Ka6 h5 43. Kxa7 g4 44. Rh6 Rb5 45. a6 Ra5 46. Rg6 Rb5 47. Ka8 Ra5 1/2-1/2

[Event "POL-chT3 Podkarpackie"]
[Site "Pstragowa"]
[Date "2014.05.01"]
[Round "2.19"]
[White "Markiewicz, Mateusz"]
[Black "Sygulski, Pawel"]
[Result "1-0"]
[WhiteElo "2007"]
[BlackElo "2216"]
[PlyCount "121"]
[EventDate "2014.04.30"]
[EventType "team-tourn"]
[EventRounds "9"]
[EventCountry "POL"]
[SourceTitle "EXT 2015"]
[Source "ChessBase"]
[SourceDate "2014.11.20"]
[SourceVersion "1"]
[SourceVersionDate "2014.11.20"]
[SourceQuality "1"]
[WhiteTeam "Pilzno GKSz Hetman II"]
[BlackTeam "Czarna II"]
[WhiteTeamCountry "POL"]
[BlackTeamCountry "POL"]

1. e4 d5 2. exd5 Nf6 3. Bb5+ Bd7 4. Be2 Nxd5 5. d4 g6 6. c4 Nf6 7. Nf3 Bg7 8. 0-0 0-0 9. Nc3 c6 10. h3 Bf5 11. Nh4 Bc8 12. Bf4 Nbd7 13. Qd2 Nb6 14. Rad1 Re8 15. Bh6 e5 16. Bxg7 Kxg7 17. dxe5 Nbd7 18. Nf3 Qe7 19. Rfe1 Nc5 20. b4 Ne6 21. c5 Nd7 22. Bc4 Ndf8 23. Qd6 a5 24. a3 axb4 25. axb4 Ra3 26. Ne4 Rxf3 27. Qxe7 Rxe7 28. gxf3 Nf4 29. Nf6 Bxh3 30. Rd8 Nd7 31. Re8 Nxe5 32. Rxe5 Rxe5 33. Rxe5 Kxf6 34. Re8 g5 35. Rf8 Ne6 36. Rb8 Nd4 37. Kh2 Bf5 38. Kg2 h5 39. Rxb7 Be6 40. Bxe6 Kxe6 41. Rb8 Kd5 42. Rf8 f5 43. Rg8 g4 44. fxg4 hxg4 45. Kg3 Kc4 46. Rb8 Ne2+ 47. Kh4 Nc3 48. Kg5 Ne4+ 49. Kxf5 Nxf2 50. Ke5 g3 51. Kd6 Ne4+ 52. Kxc6 Nf6 53. Rb7 Nh5 54. Re7 Kxb4 55. Re4+ Kc3 56. Rg4 Kd3 57. Rg5 Nf6 58. Rxg3+ Kd4 59. Rg1 Ne8 60. Rc1 Nf6 61. Kb7 1-0

[Event "POL-chT3 Podkarpackie"]
[Site "Pstragowa"]
[Date "2014.04.30"]
[Round "1.7"]
[White "Czajkowski, Ryszard"]
[Black "Markiewicz, Mateusz"]
[Result "1-0"]
[WhiteElo "2096"]
[BlackElo "2007"]
[PlyCount "66"]
[EventDate "2014.04.30"]
[EventType "team-tourn"]
[EventRounds "9"]
[EventCountry "POL"]
[SourceTitle "EXT 2015"]
[Source "ChessBase"]
[SourceDate "2014.11.20"]
[SourceVersion "1"]
[SourceVersionDate "2014.11.20"]
[SourceQuality "1"]
[WhiteTeam "Tarnobrzeg"]
[BlackTeam "Pilzno GKSz Hetman II"]
[WhiteTeamCountry "POL"]
[BlackTeamCountry "POL"]

1. d4 f5 2. c4 g6 3. g3 Bg7 4. Bg2 Nf6 5. Nh3 d6 6. d5 c5 7. Nc3 Na6 8. Nf4 Nc7 9. a4 0-0 10. h4 Rb8 11. 0-0 b6 12. Re1 a6 13. e4 b5 14. axb5 axb5 15. cxb5 Nxb5 16. Nxb5 Rxb5 17. exf5 Bxf5 18. Ra7 Bd7 19. Bh3 Bxh3 20. Nxh3 e5 21. dxe6 Qb6 22. Rxg7+ Kxg7 23. e7 Re8 24. Qf3 c4 25. Bh6+ Kxh6 26. Qxf6 Rf5 27. Qe6 Qxb2 28. Qxd6 c3 29. Qd7 Qb5 30. Qd4 Qc5 31. Qd7 Qb5 32. Qd4 Qc6 33. g4 c2 1-0

[Event "POL-chT 2nd League"]
[Site "Lazy"]
[Date "2012.09.05"]
[Round "5"]
[White "Czachor, Radoslaw"]
[Black "Markiewicz, Mateusz"]
[Result "1/2-1/2"]
[WhiteElo "2063"]
[BlackElo "2067"]
[PlyCount "98"]
[EventDate "2012.09.01"]
[EventType "team-swiss"]
[EventRounds "9"]
[EventCountry "POL"]
[SourceTitle "EXT 2019"]
[Source "ChessBase"]
[SourceDate "2018.10.10"]
[SourceVersion "1"]
[SourceVersionDate "2018.10.10"]
[SourceQuality "1"]
[WhiteTeam "Wroclaw AZS Politechnika"]
[BlackTeam "Pilzno GKSz Hetman"]
[WhiteTeamCountry "POL"]
[BlackTeamCountry "POL"]

1. e4 c5 2. Nf3 Nc6 3. d4 cxd4 4. Nxd4 d5 5. Nxc6 bxc6 6. exd5 Qxd5 7. Nc3 Qxd1+ 8. Nxd1 e5 9. g3 Be6 10. Bg2 Bd5 11. 0-0 Bc5 12. Be3 Bb6 13. Re1 Ba5 14. c3 f6 15. f4 Bxg2 16. Kxg2 Bc7 17. fxe5 fxe5 18. Nf2 Ne7 19. Bc5 Ng6 20. Rad1 Bb6 21. Ne4 Bxc5 22. Nxc5 Rd8 23. Rxd8+ Kxd8 24. h4 Re8 25. Rd1+ Kc7 26. Rd7+ Kb6 27. Ne4 Re7 28. Rd8 Kc7 29. Ra8 Kb7 30. Rg8 h5 31. Nd6+ Ka6 32. Nf5 Rf7 33. Rxg7 Nxh4+ 34. gxh4 Rxf5 35. Rg5 Rf4 36. Rxh5 e4 37. Rh8 e3 38. Re8 Rxh4 39. Rxe3 Ra4 40. a3 Kb5 41. Re7 Kc4 42. Kf3 Ra6 43. Ke3 Rb6 44. b4 Ra6 45. Rc7 Kxc3 46. b5 Rxa3 47. bxc6 Kc4+ 48. Kd2 Kc5 49. Kc2 Kb6 1/2-1/2